[Event "Titled Tue 20th May Late"]
[Site "chess.com INT"]
[Date "2025.05.20"]
[Round "4"]
[White "Mafra, Kaiser Luiz"]
[Black "Goldin, Roman"]
[Result "0-1"]
[WhiteTitle "CM"]
[BlackTitle "FM"]
[WhiteElo "2094"]
[BlackElo "2296"]
[WhiteFideId "2106698"]
[BlackFideId "2803860"]
[EventDate "2025.05.20"]

1. d4 Nf6 2. Nc3 d5 3. Bf4 a6 4. e3 Bf5 5. f3 e6 6. g4 Bg6 7. h4 h5 8. g5 Nfd7
9. Bd3 Bxd3 10. Qxd3 g6 11. Nge2 c5 12. e4 Bg7 13. exd5 cxd4 14. dxe6 dxc3 15.
exd7+ Qxd7 16. Qxd7+ Nxd7 17. Nxc3 Bxc3+ 18. bxc3 O-O 19. O-O-O Nc5 20. Bd6 Rfc8
21. Bxc5 Rxc5 22. Rd3 Rac8 23. Kb2 Rc4 24. Re3 b5 25. Kb3 a5 26. a3 Kg7 27. Rh2
R8c5 28. Rd3 Rf5 29. Kb2 Rff4 30. Rd4 Rxf3 31. Rxc4 bxc4 32. Rd2 Rf4 33. Rd4 Rg4
34. Kc1 Kf8 35. Kd2 Rg2+ 36. Kd1 Rg1+ 37. Ke2 Ra1 38. Rxc4 Rxa3 39. Kd3 Ke7 40.
Rc8 Ra1 41. Ra8 Rh1 42. Rxa5 Rh3+ 43. Kd2 Rxh4 44. Rc5 Rg4 45. Ke2 h4 46. Kf3
Rg3+ 47. Kf2 Ke6 48. Rc4 Rxg5 49. Rxh4 Rc5 50. Rh3 g5 51. Ke2 f5 52. Kd3 Ke5 53.
Re3+ Kf4 54. Re2 g4 55. Kd4 Rc8 56. Rf2+ Kg5 57. c4 g3 58. Rg2 f4 59. c5 Kg4 60.
Kd5 f3 61. Rg1 f2 62. Rd1 g2 63. Rd4+ Kf3 64. Rd3+ Ke2 65. c6 g1=Q 0-1

[Event "Titled Tue 20th May Late"]
[Site "chess.com INT"]
[Date "2025.05.20"]
[Round "4"]
[White "Sieciechowicz, Marcin"]
[Black "Naranjo Moreno, Antonio"]
[Result "0-1"]
[WhiteTitle "IM"]
[BlackTitle "FM"]
[WhiteElo "2410"]
[BlackElo "2289"]
[WhiteFideId "1130170"]
[BlackFideId "2278626"]
[EventDate "2025.05.20"]

1. d4 Nf6 2. c4 g6 3. Nc3 Bg7 4. e4 d6 5. Be2 O-O 6. Be3 e5 7. d5 Na6 8. h4 Nc5
9. Qc2 a5 10. h5 Nxh5 11. Bxh5 gxh5 12. Nge2 f5 13. Bxc5 dxc5 14. O-O-O fxe4 15.
Nxe4 Bf5 16. N2c3 Bg6 17. Kb1 Rf4 18. f3 h4 19. Ka1 a4 20. Nxa4 Bxe4 21. fxe4
Qg5 22. Nxc5 Qg3 23. Rh3 Qg4 24. Rdh1 b6 25. Ne6 Rxe4 26. Nxc7 Rxc4 27. Qxc4
Qxc4 28. Nxa8 Qxd5 29. Nxb6 Qxg2 30. Rxh4 e4 31. Rb1 e3 32. Na4 Qc2 33. Rg4 e2
34. Nc3 Qxb1+ 0-1

[Event "Titled Tue 20th May Late"]
[Site "chess.com INT"]
[Date "2025.05.20"]
[Round "4"]
[White "Ilkhomi, Jaloliddin"]
[Black "Leenhouts, Koen"]
[Result "0-1"]
[WhiteTitle "FM"]
[BlackTitle "GM"]
[WhiteElo "2272"]
[BlackElo "2476"]
[WhiteFideId "14700948"]
[BlackFideId "1008439"]
[EventDate "2025.05.20"]

1. Nf3 Nf6 2. d4 g6 3. c4 Bg7 4. Nc3 d5 5. cxd5 Nxd5 6. Bd2 O-O 7. Rc1 Nxc3 8.
Bxc3 b6 9. g3 Bb7 10. Bg2 Nd7 11. O-O Nf6 12. Re1 Ne4 13. Qd3 Nxc3 14. bxc3 c5
15. e4 cxd4 16. cxd4 Qd7 17. Red1 Rfd8 18. d5 Qa4 19. Rc7 Ba6 20. Qb3 Qxb3 21.
axb3 Kf8 22. Bf1 Bxf1 23. Kxf1 a5 24. Rb7 Rdb8 25. Rxb8+ Rxb8 26. Rc1 b5 27. Ke2
a4 28. bxa4 bxa4 29. e5 g5 30. g4 h5 31. h3 hxg4 32. hxg4 a3 33. Ra1 Ra8 34. Kd3
a2 35. Kc4 Ra3 36. d6 exd6 0-1

[Event "Titled Tue 20th May Late"]
[Site "chess.com INT"]
[Date "2025.05.20"]
[Round "4"]
[White "Eljanov, Pavel"]
[Black "Holinka, Henning"]
[Result "0-1"]
[WhiteTitle "GM"]
[BlackTitle "FM"]
[WhiteElo "2668"]
[BlackElo "2303"]
[WhiteFideId "14102951"]
[BlackFideId "12967084"]
[EventDate "2025.05.20"]

1. d4 d5 2. Nf3 e6 3. Bf4 Bd6 4. e3 c5 5. c3 Qc7 6. Bxd6 Qxd6 7. Bd3 Nf6 8. O-O
O-O 9. Ne5 b6 10. Qe2 a5 11. a4 Ba6 12. Bxa6 Nxa6 13. Na3 Rfc8 14. Nb5 Qd8 15.
Rfd1 Nc7 16. c4 Nxb5 17. axb5 cxd4 18. Rxd4 Qe7 19. Nc6 Qc5 20. h3 h6 21. cxd5
Nxd5 22. Rc4 Qf8 23. Rac1 Rc7 24. Qf3 Rac8 25. Qg3 Kh8 26. b3 Qa3 27. Kh2 Qxb3
28. Qf3 Qxb5 29. Na7 Qa6 30. Rxc7 Rxc7 31. Rxc7 Nxc7 32. Nc6 Qb5 33. Nd8 f6 34.
Qb7 Qd7 35. Qb8 Kh7 36. f4 Nd5 37. e4 Ne7 0-1

[Event "Titled Tue 20th May Late"]
[Site "chess.com INT"]
[Date "2025.05.20"]
[Round "4"]
[White "Roebers, Eline"]
[Black "Mammadov, Sadig"]
[Result "1-0"]
[WhiteTitle "IM"]
[BlackTitle "IM"]
[WhiteElo "2361"]
[BlackElo "2395"]
[WhiteFideId "1058401"]
[BlackFideId "13408712"]
[EventDate "2025.05.20"]

1. e4 e6 2. d4 d5 3. Bd3 c5 4. exd5 exd5 5. Nf3 Nc6 6. O-O Nf6 7. Re1+ Be7 8.
dxc5 O-O 9. Nbd2 Bxc5 10. Nb3 Bb6 11. h3 Qd6 12. Bg5 Bxh3 13. Bxf6 Qg3 14. Bf1
Bxf2+ 15. Kh1 gxf6 16. gxh3 Ne5 17. Rxe5 fxe5 18. Bg2 e4 19. Nfd4 Kh8 20. Nf5
Qe5 21. Nbd4 Rg8 22. c3 Rg6 23. Qf1 e3 24. Bf3 Rag8 25. a4 Qf4 26. Bg4 Rxg4 27.
hxg4 Rxg4 28. Qh3 Qe4+ 29. Qf3 Rh4+ 30. Kg2 1-0

[Event "Titled Tue 20th May Late"]
[Site "chess.com INT"]
[Date "2025.05.20"]
[Round "4"]
[White "Duarte Cramer, Lily Jeanette"]
[Black "Mohammed, Dilshad"]
[Result "0-1"]
[WhiteTitle "WCM"]
[WhiteElo "1828"]
[BlackElo "2079"]
[WhiteFideId "29620180"]
[BlackFideId "5050421"]
[EventDate "2025.05.20"]

1. d4 Nf6 2. c4 g6 3. Nc3 Bg7 4. e4 d6 5. Nf3 O-O 6. Be2 e5 7. Be3 Ng4 8. Bg5 f6
9. Bc1 f5 10. dxe5 dxe5 11. Nd2 Nxf2 12. Kxf2 fxe4+ 13. Nf3 exf3 14. Bxf3 Qxd1
15. Rxd1 c6 16. Ne4 Bf5 17. Nd6 e4 18. Be2 Be5 19. Nxf5 gxf5 20. Bh6 Bg7 21. Bf4
Na6 22. Rd7 Nc5 23. Rxg7+ Kxg7 24. Bd6 Ne6 25. Bxf8+ Rxf8 26. Rd1 f4 27. Bg4 e3+
28. Ke2 Nc5 29. b4 Ne4 30. Rd7+ Rf7 31. Rxf7+ Kxf7 32. Bc8 Nd6 33. Bg4 Nxc4 34.
Kf3 Ne5+ 35. Kxf4 Nxg4 36. Kf3 h5 37. h3 Nf6 38. Kxe3 Ke6 39. Kf4 Kd5 40. Kg5
Ke5 41. Kg6 b6 42. Kf7 c5 43. bxc5 bxc5 44. Ke7 c4 45. Kd8 c3 46. Kc7 c2 47. Kb7
a5 48. Ka8 c1=Q 49. a4 Qb2 50. g4 Nd7 51. Ka7 Qb6+ 52. Ka8 Qa6# 0-1

[Event "Titled Tue 20th May Late"]
[Site "chess.com INT"]
[Date "2025.05.20"]
[Round "4"]
[White "Herrera Ortiz, Miguel"]
[Black "Nakara Husain"]
[Result "1-0"]
[WhiteTitle "IM"]
[WhiteElo "2174"]
[BlackElo "1701"]
[WhiteFideId "5100550"]
[BlackFideId "25636111"]
[EventDate "2025.05.20"]

1. c4 e5 2. Nc3 Bb4 3. Nd5 Bd6 4. d4 c6 5. Nc3 Nf6 6. Nf3 e4 7. Nd2 Bb4 8. Qc2
Bxc3 9. Qxc3 O-O 10. e3 d5 11. b3 Be6 12. Be2 Nbd7 13. h3 Re8 14. a4 Rc8 15. c5
b6 16. b4 bxc5 17. dxc5 Qc7 18. Nb3 Rb8 19. Na5 Ne5 20. Bb2 d4 21. Qxd4 Nd3+ 22.
Bxd3 exd3 23. O-O Red8 24. Qc3 d2 25. Rfd1 Bf5 26. Rxd2 Rxd2 27. Qxd2 Ne4 28.
Qd4 f6 29. Rd1 Kf7 30. h4 Re8 31. Nc4 g5 32. f3 Ng3 33. Qxf6+ Kg8 34. Qh8+ Kf7
35. Qg7+ Ke6 36. Qxc7 1-0

[Event "Titled Tue 20th May Late"]
[Site "chess.com INT"]
[Date "2025.05.20"]
[Round "4"]
[White "Petrus, Adrian"]
[Black "Sakhayi, Mostafa"]
[Result "1-0"]
[BlackTitle "CM"]
[WhiteElo "2203"]
[BlackElo "2166"]
[WhiteFideId "14573652"]
[BlackFideId "12512532"]
[EventDate "2025.05.20"]

1. e4 e5 2. Nf3 Nc6 3. d4 exd4 4. Nxd4 Bc5 5. Be3 Bb6 6. c3 Nf6 7. Bd3 O-O 8.
O-O d5 9. Nxc6 bxc6 10. Bxb6 axb6 11. e5 Ng4 12. Qe2 Qe7 13. f4 f6 14. h3 Qc5+
15. Kh1 Ne3 16. Re1 Nf5 17. Bxf5 Bxf5 18. Nd2 fxe5 19. fxe5 Rae8 20. Qe3 Qe7 21.
a4 c5 22. a5 Rd8 23. a6 d4 24. cxd4 cxd4 25. Qg3 Be6 26. a7 Bd5 27. Kh2 c5 28.
Ne4 Bxe4 29. Rxe4 Ra8 30. e6 Rxa7 31. Rxa7 Qxa7 32. e7 Re8 33. Qd6 Qb7 34. Qe6+
Kh8 35. Qf7 Qb8+ 36. Kh1 h6 37. Rg4 Rg8 38. Rh4 Qe8 39. Qe6 Qc8 40. Rxh6+ gxh6
41. Qxh6# 1-0

[Event "Titled Tue 20th May Late"]
[Site "chess.com INT"]
[Date "2025.05.20"]
[Round "4"]
[White "Daspres, Loic"]
[Black "Boci, Mateu"]
[Result "0-1"]
[WhiteTitle "CM"]
[BlackTitle "FM"]
[WhiteElo "2207"]
[BlackElo "2268"]
[WhiteFideId "20612281"]
[BlackFideId "4704665"]
[EventDate "2025.05.20"]

1. e4 c5 2. Nf3 Nc6 3. Bb5 d6 4. O-O Nf6 5. Re1 Bd7 6. Bxc6 Bxc6 7. e5 dxe5 8.
Nxe5 e6 9. b3 Bd6 10. Nxc6 bxc6 11. Bb2 O-O 12. Qf3 Rc8 13. d3 Nd5 14. Nd2 Nb4
15. Qg4 g6 16. Qc4 Qd7 17. Ne4 Be7 18. Qc3 f6 19. Nxc5 Bxc5 20. Qxc5 Nd5 21. Qd4
c5 22. Qe4 Rce8 23. c4 Nb4 24. d4 cxd4 25. Bxd4 Nc2 26. Bc5 Nxa1 27. Bxf8 Nxb3
28. Bb4 Nd4 29. h4 e5 30. Bc3 Rc8 31. Bxd4 Qxd4 32. Qxd4 exd4 33. Re7 a5 34. Ra7
Rxc4 35. Rxa5 Kf7 36. Kh2 Ke6 37. Ra3 Rc2 38. Kg3 Kd5 39. Kf3 Kc4 40. Ra8 Kd3
41. a4 Ra2 42. a5 Kc2 43. a6 d3 44. Rc8+ Kd1 45. Ke3 d2 46. Rd8 Ra3+ 47. Kf4
Rxa6 48. g4 Re6 49. f3 Ke1 0-1

[Event "Titled Tue 20th May Late"]
[Site "chess.com INT"]
[Date "2025.05.20"]
[Round "4"]
[White "Fernandez, Michael"]
[Black "Anhwere, Bernard"]
[Result "0-1"]
[WhiteTitle "FM"]
[BlackTitle "CM"]
[WhiteElo "2226"]
[BlackElo "1906"]
[WhiteFideId "5803560"]
[BlackFideId "12600580"]
[EventDate "2025.05.20"]

1. e4 c5 2. Nf3 d6 3. d4 cxd4 4. Nxd4 Nf6 5. Nc3 a6 6. g3 e6 7. Bg2 Be7 8. Be3
O-O 9. h3 Nbd7 10. Qe2 Rb8 11. O-O Qc7 12. f4 b5 13. f5 e5 14. Nf3 b4 15. Nd5
Nxd5 16. exd5 Nb6 17. Ng5 h6 18. Ne4 Nxd5 19. f6 Nxf6 20. Nxf6+ Bxf6 21. Rxf6
gxf6 22. Bxh6 Bf5 23. Rc1 Qc5+ 24. Kh2 Rfc8 25. c3 Qc4 26. Qf2 Qd3 27. Rf1 Kh7
28. Bd2 bxc3 29. Bxc3 Bg6 30. Qxf6 Rxc3 31. bxc3 Rb2 32. Rf2 Rxf2 33. Qxf2 Qxc3
34. Qf6 Qd2 35. a4 e4 36. Qh4+ Kg7 37. a5 e3 38. Qg5 Qf2 0-1

[Event "Titled Tue 20th May Late"]
[Site "chess.com INT"]
[Date "2025.05.20"]
[Round "4"]
[White "Shandrygin, Nikita"]
[Black "Jovic, Stanoje"]
[Result "1-0"]
[WhiteTitle "FM"]
[BlackTitle "FM"]
[WhiteElo "2209"]
[BlackElo "2096"]
[WhiteFideId "24198668"]
[BlackFideId "905020"]
[EventDate "2025.05.20"]

1. e4 c6 2. d4 d5 3. f3 e6 4. Nc3 Bb4 5. Bf4 Ne7 6. a3 Bxc3+ 7. bxc3 b5 8. Bd3
Nd7 9. Ne2 Nb6 10. h4 Nc4 11. h5 h6 12. O-O a5 13. Qe1 O-O 14. Qg3 Kh8 15. Bc1
a4 16. Qh4 Ng8 17. Qh2 f5 18. Nf4 Ne7 19. exf5 exf5 20. Re1 Kg8 21. Be3 Rf7 22.
Bf2 Qa5 23. Qh4 Ra7 24. Re2 Qxc3 25. Rae1 Qxa3 26. Bg3 Qb4 27. c3 Qa3 28. Kh2
Bd7 29. Rxe7 Rxe7 30. Rxe7 Qxc3 31. Bxc4 dxc4 32. Ng6 a3 33. Rxg7+ 1-0

[Event "Titled Tue 20th May Late"]
[Site "chess.com INT"]
[Date "2025.05.20"]
[Round "4"]
[White "Iglesias Ferreira, Andres"]
[Black "Khodabandeh, Milad"]
[Result "0-1"]
[WhiteTitle "FM"]
[BlackTitle "CM"]
[WhiteElo "2279"]
[BlackElo "1957"]
[WhiteFideId "54507669"]
[BlackFideId "12538620"]
[EventDate "2025.05.20"]

1. d4 d5 2. e3 Nf6 3. Nf3 e6 4. b3 c5 5. Bb2 Nc6 6. Bd3 Be7 7. O-O O-O 8. Nbd2
Qc7 9. Re1 cxd4 10. exd4 b6 11. a3 Bb7 12. Ne5 Nxe5 13. dxe5 Nd7 14. Qh5 g6 15.
Qh6 Rfc8 16. Re3 Bf8 17. Qh4 Qd8 18. Qg4 Nc5 19. h4 Nxd3 20. cxd3 Rc2 21. Bc1
Rac8 22. Qd1 Qc7 23. Nc4 Rxc1 24. Rxc1 b5 25. h5 dxc4 26. hxg6 fxg6 27. dxc4
Bxa3 28. Rc2 Qc6 29. Qg4 Bf8 30. Rf3 Qd7 31. Rf6 bxc4 32. Rxe6 Bg7 33. Rxc4 Rxc4
34. bxc4 Bc8 0-1

[Event "Titled Tue 20th May Late"]
[Site "chess.com INT"]
[Date "2025.05.20"]
[Round "4"]
[White "Moosavifar, Seyed Abolfazl"]
[Black "Luong Phuong Hanh"]
[Result "1-0"]
[WhiteTitle "FM"]
[BlackTitle "WIM"]
[WhiteElo "2303"]
[BlackElo "2144"]
[WhiteFideId "42548195"]
[BlackFideId "12401013"]
[EventDate "2025.05.20"]

1. d4 Nf6 2. Nf3 g6 3. e3 Bg7 4. c4 O-O 5. Nc3 d5 6. cxd5 Nxd5 7. Bc4 Nb6 8. Bb3
c5 9. dxc5 N6d7 10. Ne4 Qc7 11. Qc2 Na6 12. Bd2 Ndxc5 13. Nxc5 Nxc5 14. Rc1 b6
15. Bd5 Bb7 16. Bxb7 Qxb7 17. O-O Rac8 18. Bb4 Ne4 19. Qd3 a5 20. Ba3 b5 21. b4
a4 22. Nd4 Nd6 23. Rc5 Bxd4 24. exd4 Ne4 25. Re5 Nd6 26. Bc1 Rc4 27. Bh6 Rfc8
28. Qe3 R8c7 29. h4 f6 30. Rc5 Ne4 31. Rxc7 Rxc7 32. Re1 f5 33. f3 Rc3 34. Qe2
Nd6 35. Qe5 1-0

[Event "Titled Tue 20th May Late"]
[Site "chess.com INT"]
[Date "2025.05.20"]
[Round "4"]
[White "Gokerkan, Cem Kaan"]
[Black "Wartiovaara, Oliver"]
[Result "1/2-1/2"]
[WhiteTitle "GM"]
[BlackTitle "FM"]
[WhiteElo "2489"]
[BlackElo "2323"]
[WhiteFideId "6336760"]
[BlackFideId "513024"]
[EventDate "2025.05.20"]

1. d4 Nf6 2. Nf3 e6 3. c4 Bb4+ 4. Bd2 Qe7 5. g3 Nc6 6. Bg2 Bxd2+ 7. Nbxd2 d6 8.
O-O e5 9. d5 Nb8 10. e4 a5 11. a3 O-O 12. b4 axb4 13. axb4 Rxa1 14. Qxa1 Na6 15.
Qc3 Bg4 16. Rc1 c5 17. dxc6 bxc6 18. b5 Nc5 19. Ne1 Rb8 20. Rb1 Bd7 21. Qa5 g6
22. h3 Qd8 23. Qxd8+ Rxd8 24. Nc2 Rb8 25. Na3 Ra8 26. bxc6 Bxc6 27. Nb5 Ra2 28.
Nb3 Ncxe4 29. Nxd6 Nxd6 30. Bxc6 Nxc4 31. Nc5 Nd2 32. Re1 e4 33. Kg2 Rc2 34.
Nxe4 Ndxe4 35. Bxe4 Nxe4 36. Rxe4 Kg7 37. h4 Rc5 38. Rf4 h5 39. Re4 Kf6 40. Rf4+
Rf5 41. Ra4 Re5 42. Rf4+ Rf5 43. Ra4 Rd5 44. Rf4+ Rf5 1/2-1/2

[Event "Titled Tue 20th May Late"]
[Site "chess.com INT"]
[Date "2025.05.20"]
[Round "4"]
[White "Azizoglu, Ferzan"]
[Black "Tayar, Jonathan"]
[Result "0-1"]
[BlackTitle "IM"]
[WhiteElo "2055"]
[BlackElo "2325"]
[WhiteFideId "6302726"]
[BlackFideId "2606534"]
[EventDate "2025.05.20"]

1. e4 c5 2. Nf3 d6 3. c3 Nf6 4. Bd3 g6 5. h3 Bg7 6. O-O O-O 7. Bc2 b6 8. Re1 Bb7
9. d4 Qc7 10. d5 b5 11. Bg5 Nbd7 12. Nbd2 a5 13. Nf1 a4 14. Qd2 a3 15. b3 Rfe8
16. Bh6 Bh8 17. Ng3 Qb6 18. c4 bxc4 19. bxc4 Ba6 20. Rab1 Qc7 21. Bb3 Reb8 22.
Qf4 Rb4 23. Rbc1 Re8 24. Nf5 Nh5 25. Qh4 Bf6 26. Bg5 Bc8 27. Nh6+ Kg7 28. Ng4
Bxg5 29. Qxg5 Nhf6 30. Qh6+ Kg8 31. Ng5 Nf8 32. Ne3 Qb6 33. Kh2 Nh5 34. g4 Nf4
35. Nxh7 Nd3 36. Ng5 Nxc1 37. Rxc1 Rxb3 38. axb3 Qxb3 39. Nf5 Bxf5 40. gxf5 Qb2
41. Rg1 Qxf2+ 42. Rg2 Qf4+ 43. Rg3 Rb8 44. h4 Rb3 45. Kh3 Qxg3# 0-1

[Event "Titled Tue 20th May Late"]
[Site "chess.com INT"]
[Date "2025.05.20"]
[Round "4"]
[White "Hoffman, Alejandro"]
[Black "Rostomyan, Mikayel"]
[Result "0-1"]
[WhiteTitle "GM"]
[BlackTitle "FM"]
[WhiteElo "2354"]
[BlackElo "2325"]
[WhiteFideId "100340"]
[BlackFideId "13313754"]
[EventDate "2025.05.20"]

1. d4 Nf6 2. c4 e6 3. Nf3 Bb4+ 4. Bd2 a5 5. g3 d5 6. Bg2 O-O 7. O-O b6 8. Bg5
Bb7 9. cxd5 exd5 10. Nc3 h6 11. Bf4 c6 12. Qc2 Re8 13. Rfe1 Nbd7 14. a3 Bf8 15.
Rad1 Rc8 16. e4 dxe4 17. Nxe4 Nxe4 18. Rxe4 Rxe4 19. Qxe4 Nf6 20. Qc2 Nd5 21.
Bd2 c5 22. dxc5 Bxc5 23. Qd3 Qf6 24. Rb1 Rd8 25. Qe2 Bc6 26. Be1 Re8 27. Qd3 Nc7
28. b4 Be4 29. Qd1 Bxb1 30. bxc5 Be4 31. cxb6 Qxb6 32. Bc3 Nb5 33. Bb2 Qb7 34.
Nh4 Bxg2 35. Nxg2 Qe4 36. Ne3 Qe6 37. a4 Nd6 38. Qd4 f6 39. Qb6 Ne4 40. Qxa5
Nxf2 41. Qd5 Qxd5 42. Nxd5 Nd3 43. Bc3 Rd8 44. Ne7+ Kf7 45. Nf5 Rd5 46. Ne3 Rc5
47. Bd4 Rc1+ 48. Kg2 Ne5 49. a5 Re1 50. a6 Re2+ 51. Kf1 Ra2 52. a7 Nc6 53. Bc5
Nxa7 0-1

[Event "Titled Tue 20th May Late"]
[Site "chess.com INT"]
[Date "2025.05.20"]
[Round "4"]
[White "Ahmad, Khagan"]
[Black "Gubajdullin, Alexei"]
[Result "0-1"]
[WhiteTitle "IM"]
[BlackTitle "FM"]
[WhiteElo "2405"]
[BlackElo "2227"]
[WhiteFideId "13431552"]
[BlackFideId "4141202"]
[EventDate "2025.05.20"]

1. d4 Nf6 2. c4 c5 3. Nf3 cxd4 4. Nxd4 e5 5. Nb5 d5 6. cxd5 Bc5 7. e3 O-O 8.
N5c3 e4 9. Be2 Nbd7 10. Nd2 Re8 11. O-O a6 12. b3 Nb6 13. Bb2 Nbxd5 14. Rc1 Nxe3
15. fxe3 Bxe3+ 16. Kh1 Qxd2 17. Qxd2 Bxd2 18. Rcd1 e3 19. Nb1 Bg4 20. Bxg4 Nxg4
21. Nxd2 Nf2+ 22. Rxf2 exf2 23. Nf3 Rad8 24. Rf1 Re2 25. Be5 Rxa2 26. g4 Rd3 27.
Kg2 Rxb3 28. g5 a5 29. Nd4 Re3 30. Bg3 Re1 31. Rxf2 Rxf2+ 32. Bxf2 Rb1 33. Nc2
a4 34. Kf3 a3 35. Ke2 a2 36. Bd4 b5 37. Na1 b4 38. Kd3 b3 0-1

[Event "Titled Tue 20th May Late"]
[Site "chess.com INT"]
[Date "2025.05.20"]
[Round "4"]
[White "Asish Panda"]
[Black "Tari, Aryan"]
[Result "0-1"]
[BlackTitle "GM"]
[WhiteElo "1911"]
[BlackElo "2636"]
[WhiteFideId "45012458"]
[BlackFideId "1510045"]
[EventDate "2025.05.20"]

1. e4 e5 2. Nf3 Nc6 3. Bc4 Nf6 4. d3 Bc5 5. c3 d6 6. Nbd2 a5 7. Nf1 Be6 8. Bb5
O-O 9. Ng3 d5 10. Qe2 h6 11. O-O Re8 12. Bxc6 bxc6 13. Nxe5 Bd6 14. Nxc6 Qd7 15.
Nd4 dxe4 16. dxe4 Bxg3 17. hxg3 Bg4 18. Qb5 Rxe4 19. Qxd7 Bxd7 20. Bf4 Nd5 21.
Rfe1 Rxe1+ 22. Rxe1 c5 23. Nb3 c4 24. Nc5 Bc6 25. Rd1 Re8 26. Kf1 g5 27. Bd2 Rb8
28. b3 Bb5 29. Kg1 Rc8 30. bxc4 Bxc4 31. Nb3 a4 32. Nd4 Rb8 33. a3 Rb2 34. Be3
Nxe3 35. fxe3 Ra2 36. Nf5 Rxa3 37. Rd4 Be6 38. Nd6 Ra1+ 39. Kh2 a3 40. Ra4 a2
41. c4 Rd1 0-1

[Event "Titled Tue 20th May Late"]
[Site "chess.com INT"]
[Date "2025.05.20"]
[Round "4"]
[White "Hariharan, Shambavi"]
[Black "Shafer, Logan C"]
[Result "0-1"]
[WhiteTitle "WCM"]
[BlackTitle "CM"]
[WhiteElo "1892"]
[BlackElo "2291"]
[WhiteFideId "488160"]
[BlackFideId "30993342"]
[EventDate "2025.05.20"]

1. d4 Nf6 2. c4 e6 3. Nf3 Bb4+ 4. Nc3 b6 5. g3 Bb7 6. Bg2 O-O 7. O-O d6 8. Bd2
Nbd7 9. Re1 Bxc3 10. bxc3 c5 11. Bg5 h6 12. Bxf6 Nxf6 13. e3 Qe7 14. Nd2 Bxg2
15. Kxg2 e5 16. d5 Nd7 17. e4 g6 18. Rf1 f5 19. exf5 gxf5 20. Qh5 Kg7 21. Nf3
Nf6 22. Qxf5 Qd7 23. Qxd7+ Nxd7 24. Nd2 Nf6 25. f3 b5 26. Ne4 bxc4 27. Nxf6 Kxf6
28. Rab1 Rab8 29. Kf2 a5 30. Ke3 a4 31. Ke4 a3 32. f4 exf4 33. Rxf4+ Ke7 34. Re1
Rxf4+ 35. Kxf4+ Kd7 36. Re4 Rb2 37. Rxc4 Rxa2 38. Ra4 Ra1 39. c4 Ke7 40. Kg4 Kf6
41. h4 Ke5 42. Kh5 Kd4 43. g4 Rh1 44. Kxh6 Rxh4+ 45. Kg5 Rh2 46. Rxa3 Kxc4 47.
Kg6 Kxd5 48. g5 c4 49. Kg7 Rg2 50. g6 Kd4 51. Kf7 d5 52. Ra1 c3 53. g7 Ke3 54.
Re1+ Kd2 55. Re5 d4 56. Rd5 d3 57. Ra5 c2 58. Ra2 Kd1 59. Kf8 Rxg7 0-1

[Event "Titled Tue 20th May Late"]
[Site "chess.com INT"]
[Date "2025.05.20"]
[Round "4"]
[White "Brzezina, Piotr"]
[Black "Garcia, Jhoel"]
[Result "1-0"]
[WhiteTitle "FM"]
[BlackTitle "IM"]
[WhiteElo "2301"]
[BlackElo "2304"]
[WhiteFideId "21078874"]
[BlackFideId "3801110"]
[EventDate "2025.05.20"]

1. e4 c5 2. Nf3 a6 3. c4 Nc6 4. d4 cxd4 5. Nxd4 e6 6. Nc3 Qc7 7. Be2 Nf6 8. O-O
Be7 9. Be3 d6 10. Rc1 Nxd4 11. Bxd4 Bd7 12. Bf3 Bc6 13. Qe2 O-O 14. Nd5 Qd8 15.
Nxe7+ Qxe7 16. Rfd1 e5 17. Bc3 Nd7 18. Rd2 Nc5 19. b3 Rfd8 20. Qe3 a5 21. Bb2
Ne6 22. Be2 Nf4 23. Bf1 f5 24. exf5 Qg5 25. g3 Qg4 26. Rcd1 Nh3+ 27. Bxh3 Qxh3
28. f3 Qxf5 29. Kg2 e4 30. f4 d5 31. cxd5 Rxd5 32. Rxd5 Bxd5 33. Qd4 Qg4 34.
Qxd5+ Kh8 35. Rf1 Qe2+ 36. Rf2 1-0

[Event "Titled Tue 20th May Late"]
[Site "chess.com INT"]
[Date "2025.05.20"]
[Round "4"]
[White "Van Dael, Siem"]
[Black "Sanhueza, Cristian"]
[Result "0-1"]
[WhiteTitle "FM"]
[BlackTitle "FM"]
[WhiteElo "2258"]
[BlackElo "2182"]
[WhiteFideId "1049771"]
[BlackFideId "116815"]
[EventDate "2025.05.20"]

1. Nc3 d5 2. e4 dxe4 3. Nxe4 e6 4. d4 Nd7 5. Bd3 Ngf6 6. Nf3 b6 7. Bg5 Bb7 8.
Qe2 Be7 9. Nxf6+ Nxf6 10. O-O-O Qd5 11. c4 Qa5 12. Kb1 O-O-O 13. Bd2 Qa4 14. Bc3
Kb8 15. Ne5 Rhf8 16. b3 Qa3 17. f3 Nd7 18. Be4 Nxe5 19. dxe5 Bb4 20. Bb2 Qa5 21.
Bxb7 Kxb7 22. Qe4+ Kb8 23. Rd4 Bc5 24. Rd3 Rxd3 25. Qxd3 Ba3 26. Rd1 Bxb2 27.
Kxb2 Qxe5+ 28. Qd4 Qxd4+ 29. Rxd4 Kc8 30. Kc3 g5 31. b4 f5 32. h4 h6 33. hxg5
hxg5 34. g4 Rd8 35. gxf5 exf5 36. Kd3 c6 37. Ke3 Re8+ 38. Kd3 Kc7 39. c5 bxc5
40. bxc5 Re5 41. Rc4 Rd5+ 42. Ke3 Re5+ 43. Kd3 Re1 44. Kd2 Rf1 45. Ke2 Rb1 46.
Rc1 Rxc1 0-1

[Event "Titled Tue 20th May Late"]
[Site "chess.com INT"]
[Date "2025.05.20"]
[Round "4"]
[White "Burmakin, Vladimir"]
[Black "Karthikeyan, Murali"]
[Result "0-1"]
[WhiteTitle "GM"]
[BlackTitle "GM"]
[WhiteElo "2435"]
[BlackElo "2658"]
[WhiteFideId "4105109"]
[BlackFideId "5074452"]
[EventDate "2025.05.20"]

1. d4 Nf6 2. Nf3 e6 3. g3 g6 4. Bg2 Bg7 5. O-O O-O 6. c4 b6 7. Ne5 c6 8. Nc3 Ba6
9. b3 Qc7 10. Ba3 d6 11. Nd3 Rd8 12. Rc1 Bb7 13. e4 e5 14. d5 c5 15. f4 exf4 16.
gxf4 Nbd7 17. Bb2 a6 18. Ne2 Nh5 19. Bxg7 Nxg7 20. Ng3 Re8 21. Qd2 Re7 22. f5
Ne8 23. Qg5 Ne5 24. Nxe5 Rxe5 25. Qh4 Qe7 26. f6 Qd8 27. Kh1 Bc8 28. Rc2 b5 29.
Rcf2 bxc4 30. bxc4 Rb8 31. Qh6 Qa5 32. Rf4 Qd2 33. R1f2 Rb1+ 34. Bf1 Qe3 0-1

[Event "Titled Tue 20th May Late"]
[Site "chess.com INT"]
[Date "2025.05.20"]
[Round "4"]
[White "Mottola, Max"]
[Black "Terron Elena, Francisco M."]
[Result "1-0"]
[BlackTitle "FM"]
[WhiteElo "2128"]
[BlackElo "2148"]
[WhiteFideId "30985862"]
[BlackFideId "2210576"]
[EventDate "2025.05.20"]

1. Nf3 Nf6 2. b3 d6 3. Bb2 e5 4. e3 c5 5. d4 e4 6. Nfd2 cxd4 7. Bxd4 Nc6 8. Bb2
Be7 9. c4 O-O 10. Nc3 Bg4 11. Be2 Bf5 12. g4 Bg6 13. g5 Nd7 14. Ndxe4 Bxg5 15.
Qxd6 Nde5 16. O-O-O Qxd6 17. Rxd6 Be7 18. Rdd1 f5 19. Nd6 f4 20. c5 Nb4 21. e4
f3 22. Bc4+ Nxc4 23. bxc4 Bg5+ 24. Kb1 b6 25. cxb6 axb6 26. a3 Nc6 27. Nd5 Rab8
28. Rhg1 Bh4 29. Rd2 Rfd8 30. Nb5 Na5 31. Rg4 Nxc4 32. Rd4 Nxb2 33. Kxb2 Bf6 34.
Nxf6+ gxf6 35. Rxd8+ Rxd8 36. Kc3 Kf7 37. Rf4 Ke6 38. Rxf3 Bxe4 39. Re3 Kf5 40.
Nd4+ Kf4 41. Ne6+ 1-0